000 00563nam a2200217Ia 4500
003 OSt
005 20220928140709.0
006 a|||||r|||| 00| 0
007 ta
008 220927b |||||||| |||| 00| 0 eng d
024 _a11146
037 _cTextual
040 _aSDCL
_cSDCL
_beng
041 _2eng
_aeng
082 _aD6,8(B245), M3
100 _aRice John R Ed.
_9497101
245 0 _aMatrix computations andmathematical software
260 _c1983
942 _hD6,8(B245), M3
_cTEXL
_2CC
999 _c813591
_d813591